Young : (Record no. 21562)

MARC details
000 -LEADER
fixed length control field 01856nam a22004577a 4500
001 - CONTROL NUMBER
control field 13346286
005 - DATE AND TIME OF LATEST TRANSACTION
control field 20090120111545.0
008 - FIXED-LENGTH DATA ELEMENTS--GENERAL INFORMATION
fixed length control field 030917c19939999sw qr p o 0 a0eng d
010 ## - LIBRARY OF CONGRESS CONTROL NUMBER
LC control number 2003200774
022 ## - INTERNATIONAL STANDARD SERIAL NUMBER
International Standard Serial Number 1103-3088
035 ## - SYSTEM CONTROL NUMBER
System control number (OCoLC)ocm51835934
037 ## - SOURCE OF ACQUISITION
Source of stock number/acquisition Sage Publications, 6 Bonhill St., London EC2A 4PU, UK
037 ## - SOURCE OF ACQUISITION
Source of stock number/acquisition Sage Publications, PO Box 5096, Thousand Oaks, CA 91359, USA
040 ## - CATALOGING SOURCE
Original cataloging agency UkOxU
Transcribing agency UkOxU
Modifying agency DLC
-- OCoLC
-- DLC
-- NSDP
-- OCoLC
042 ## - AUTHENTICATION CODE
Authentication code lc
043 ## - GEOGRAPHIC AREA CODE
Geographic area code ev-----
050 ## - LIBRARY OF CONGRESS CALL NUMBER
Classification number HQ796
Item number .Y5815
130 ## - MAIN ENTRY--UNIFORM TITLE
Uniform title Young (Stockholm, Sweden)
210 ## - ABBREVIATED TITLE
Abbreviated title Young
Qualifying information (Stockh. 1993)
222 ## - KEY TITLE
Key title Young
Qualifying information (Stockholm. 1993)
245 ## - TITLE STATEMENT
Title Young :
Remainder of title Nordic journal of youth research.
246 ## - VARYING FORM OF TITLE
Title proper/short title Nordic journal of youth research
260 ## - PUBLICATION, DISTRIBUTION, ETC. (IMPRINT)
Place of publication, distribution, etc Stockholm :
Name of publisher, distributor, etc Tidskriftsföreningen Young ;
Place of publication, distribution, etc New Delhi :
Name of publisher, distributor, etc Sage
300 ## - PHYSICAL DESCRIPTION
Extent v. :
Other physical details ill. ;
Dimensions 24 cm.
310 ## - CURRENT PUBLICATION FREQUENCY
Current publication frequency Quarterly
362 ## - DATES OF PUBLICATION AND/OR SEQUENTIAL DESIGNATION
Dates of publication and/or sequential designation Began in 1993.
500 ## - GENERAL NOTE
General note "Forms part of the network of Nordic Youth Research Information (NYRI)."
500 ## - GENERAL NOTE
General note Publisher and place of publication vary.
500 ## - GENERAL NOTE
General note Description based on: Vol. 4, no. 1 (Feb. 1996); title from cover.
500 ## - GENERAL NOTE
General note Latest issue consulted: Vol. 11, no. 4 (Nov. 2003).
530 ## - ADDITIONAL PHYSICAL FORM AVAILABLE NOTE
Additional physical form available note Also issued online.
650 ## - SUBJECT ADDED ENTRY--TOPICAL TERM
Topical term or geographic name as entry element Youth
Form subdivision Periodicals.
650 ## - SUBJECT ADDED ENTRY--TOPICAL TERM
Topical term or geographic name as entry element Youth
Geographic subdivision Scandinavia
Form subdivision Periodicals.
710 ## - ADDED ENTRY--CORPORATE NAME
Corporate name or jurisdiction name as entry element Nordic Youth Research Information (Organization)
776 ## - ADDITIONAL PHYSICAL FORM ENTRY
Title Young (Stockholm, Sweden : Online)
International Standard Serial Number 1552-8480
Record control number (DLC) 2004215764
-- (OCoLC)55104073
906 ## - LOCAL DATA ELEMENT F, LDF (RLIN)
a 7
b cbc
c serials
d 2
e ncip
f 20
g n-oclcserc
942 ## - ADDED ENTRY ELEMENTS (KOHA)
Source of classification or shelving scheme Dewey Decimal Classification
Item type Periodicals
Serial record 1
Holdings
Withdrawn status Lost status Source of classification or shelving scheme Damaged status Not for loan Collection code Home library Current library Date acquired Total Checkouts Date last seen Price effective from Koha item type
    Dewey Decimal Classification   Not For Loan Non-fiction D.B.Act.Division D.B.Act.Division 20/01/2009   20/01/2009 20/01/2009 Periodicals

© Delhi Public Library
Hit Counter
free hit counter